| 000 | 00490nam a22001817a 4500 | ||
|---|---|---|---|
| 003 | BD-RjUL | ||
| 005 | 20240201115033.0 | ||
| 008 | 240201b1916 |||||||| |||| 00| 0 eng d | ||
| 035 | _a(BD-RjUL) | ||
| 040 |
_aBD-RjUL _beng _cBD-RjUL |
||
| 041 | _aeng | ||
| 082 |
_a823 _bLEI 1916? |
||
| 100 |
_aLeighton, Marie Connor _911174 |
||
| 245 |
_aIn the Grip of a Lie/ _cby Marie Connor Leighton. |
||
| 260 |
_aLondon : _bJohn Long, Limited; _c1916? |
||
| 300 |
_a308p; _c19cm. |
||
| 942 |
_2ddc _cBK |
||
| 999 |
_c82896 _d82896 |
||